University Home | Library Home | Institutional Repository

Review of international affairs. (Record no. 181373)

MARC details
000 -LEADER
fixed length control field 00536cas1a220016900 4500
001 - CONTROL NUMBER
control field zam00005329
008 - FIXED-LENGTH DATA ELEMENTS--GENERAL INFORMATION
fixed length control field 951212n xx eng u
022 ## - INTERNATIONAL STANDARD SERIAL NUMBER
International Standard Serial Number 0486-6096
035 ## - SYSTEM CONTROL NUMBER
System control number (Sirsi) r22535
050 ## - LIBRARY OF CONGRESS CALL NUMBER
Classification number D839.R4I5A35
245 00 - TITLE STATEMENT
Title Review of international affairs.
260 ## - PUBLICATION, DISTRIBUTION, ETC.
Place of publication, distribution, etc. Belgrade
Name of publisher, distributor, etc. Jugoslovenska Strarnost
Date of publication, distribution, etc. 1989
310 ## - CURRENT PUBLICATION FREQUENCY
Current publication frequency Bimonthly.
362 ## - DATES OF PUBLICATION AND/OR SEQUENTIAL DESIGNATION
Dates of publication and/or sequential designation Vol.24, No.546, 1973 - Vol.40, No.941, 1989.
520 ## - SUMMARY, ETC.
Summary, etc. It contains information about politics, economics, law, science and culture.
650 ## - SUBJECT ADDED ENTRY--TOPICAL TERM
Topical term or geographic name entry element Politics.

No items available.

© 2026 - The University of Zambia Library - Koha v25.11